| 000 | 00921cam a2200313 i 4500 | ||
|---|---|---|---|
| 999 |
_c200444926 _d63138 |
||
| 001 | 200444926 | ||
| 003 | TR-AnTOB | ||
| 005 | 20220413150751.0 | ||
| 007 | ta | ||
| 008 | 190307s2005 fr $r13501 $$$$ 13eng5eng u | ||
| 020 | _a291514706X | ||
| 040 |
_aIZU _beng _erda _cIZU _dTR-AnTOB |
||
| 041 | 0 | _aeng | |
| 044 | _cfr | ||
| 050 | 1 | 4 |
_aLA692 _b.H433 2005 |
| 090 | 0 | 0 |
_aLA692 _b.H433 2005 |
| 245 | 0 | 4 |
_aThe headscarf ban in French schools : _btruth unveiled. |
| 264 | 1 |
_a[Place of publication not identified] : _bFreedom Committee, _c2005. |
|
| 300 |
_a189 pages ; _c21 cm |
||
| 336 |
_atext _btxt _2rdacontent |
||
| 337 |
_aunmediated _bn _2rdamedia |
||
| 338 |
_avolume _bnc _2rdacarrier |
||
| 650 | 0 |
_aEducation and state _9109277 |
|
| 650 | 0 |
_aEducation _9136490 _zFrance |
|
| 653 | _aFrance -- Education and training | ||
| 653 | _aHeadscarves | ||
| 942 |
_2lcc _cBK |
||